000 00547nam a22002171a 4500
001 3670
003 OSt
005 20260204211859.0
008 051227s1998||||sp ||||||b||||||||||spa||
020 _a844811473x
050 _a004 G958g
082 _a004 G958g
100 _aGunter, David
245 _aGuía de integración de Windows NT y Unix / David Gunter
264 _aEspaña : McGraw-Hill
300 _a433 p
500 _aIncluye indice
650 _a1.Informática
700 _aBurnett, Steven II.Gunter, LolaÌ
942 _2ddc
_cBK
999 _c3670
_d3670